Rozpoznaj nazwę zespołu lub wykonawcę po polskim tłumaczeniu #2 - Statystyki

Ogólne statystyki
  • Ten quiz został rozwiązany 48 razy
  • Średni wynik to 21 z 40
Statystyki odpowiedzi
Nazwa po polsku Nazwa po angielsku % Poprawnych
Policja The Police
98%
Królowa Queen
95%
Drzwi The Doors
95%
Zwierzęta The Animals
93%
Zielony dzień Green Day
90%
Kto The Who
90%
Jedna republika One Republic
88%
Skorpiony Scorpions
88%
Plażowi chłopcy Beach Boys
85%
Różowa Pink
85%
Krem Cream
83%
Czerwone ostre papryczki chilli Red Hot Chili Peppers
80%
Blondynka Blondie
78%
Oaza Oasis
73%
Arktyczne małpy Arctic Monkeys
70%
Goryle Gorillaz
68%
Gadające głowy Talking Heads
68%
Zimna gra Coldplay
65%
Smoki wyobraźni Imagine Dragons
65%
Migać-182 Blink-182
55%
Muza Muse
55%
Żywy lub martwy Dead or Alive
53%
Tania sztuczka Cheap Trick
45%
Podróż Journey
43%
Kopciuszek Cinderella
40%
Fabryka strachu Fear Factory
40%
Obcokrajowiec Foreigner
38%
Królewska krew Royal Blood
38%
Stuknięty punk Daft Punk
33%
Śmieci Garbage
33%
Smocza siła DragonForce
28%
Nowy ład New Order
25%
Manekiny do testów zderzeniowych Crash Test Dummies
15%
Zaniepokojony Disturbed
8%
Bezpańskie koty Stray Cats
8%
Burza z gradem Halestorm
5%
Pstrokata ekipa Motley Crue
5%
Trudne położenie Dire Straits
0%
Roboty drogowe Men at Work
0%
Szrot Skid Row
0%
Nie znaleziono quizów pasujących do podanych kryteriów
Rozkład punktacji
Procent ludzi z każdym wynikiem
Percentyl według liczby udzielonych odpowiedzi
Twoja historia wyników
Nie rozwiązałeś tego quizu